| 000 | 00661nam a2200217 u 4500 | ||
|---|---|---|---|
| 001 | 61653 | ||
| 005 | 20180714063353.0 | ||
| 008 | 141106s2009 xx r 000 0 spa d | ||
| 020 | _a978-607-438-409-3 | ||
| 082 | _a001.42 | ||
| 100 | 1 |
_aBAENA PAZ, GUILLERMINA _eautor |
|
| 245 | 1 | 0 | _aMETODOLOGÍA de la investigación. |
| 250 | _aPrimera reimpresión 2011 | ||
| 264 | _aMéxico : | ||
| 300 |
_a145 paginas ; _c20 cm. |
||
| 336 |
_atexto _2rdacontent |
||
| 337 |
_asin mediación _2rdamedia |
||
| 338 |
_avolumen _2rdacarrier |
||
| 490 | 1 | _aSerie integral por competencias | |
| 650 | 0 | _aCompetencias génericas del Bachillerato General. | |
| 999 |
_c61653 _d61653 |
||